Lanean...

Vaisnavism of samkaradeva and ramanuja/

Xehetasun bibliografikoak
Egile nagusia: Sreenivasa Murthy,H.V
Formatua: Printed Book
Argitaratua: Delhi: Mothilal Banarasidass, 1973.
LEADER 00384nam a22001097a 4500
100 |a Sreenivasa Murthy,H.V. 
245 |a Vaisnavism of samkaradeva and ramanuja/  |c H.V.Sreenivasa Murthy 
260 |a Delhi:  |b Mothilal Banarasidass,  |c 1973. 
300 |a 254p. 
942 |2 ddc  |c BK 
999 |c 242966  |d 242966 
952 |0 0  |1 0  |4 0  |7 0  |9 269505  |a HIN  |b HIN  |c S-10  |d 2012-03-29  |i 6494  |l 0  |p HIN6494  |r 2014-02-07  |w 2014-02-07  |y BK